| 000 | 00983nab a22002297a 4500 | ||
|---|---|---|---|
| 999 |
_c6475 _d6475 |
||
| 003 | OSt | ||
| 005 | 20260212124112.0 | ||
| 008 | 190506c xxu||||| |||| 00| 0 spa d | ||
| 040 | _cPJ | ||
| 100 |
_97093 _aPérez Arias, Clementina |
||
| 245 | 1 | 0 | _aIncidencia del compliance en el derecho laboral / |
| 260 |
_aBuenos Aires : _bAbeledoPerrot, _c2023. |
||
| 300 | _ap. 10-20 | ||
| 500 | _aCita: TR LALEY AR/DOC/732/2023. | ||
| 505 | _aSumario: I. Compliance. —II. Aplicación del compliance en las empresas argentinas.— III. Cumplimiento en la relación laboral.— IV. Jurisprudencia.— V. Conclusión.— VI. Resumen. | ||
| 505 | _t¿Te interesa el texto completo? Comunicate al correo: koha@justierradelfuego.gov.ar | ||
| 650 | 0 |
_91316 _aDERECHO LABORAL |
|
| 650 | 0 |
_91578 _aETICA PROFESIONAL |
|
| 650 | 0 |
_92062 _aABOGADOS |
|
| 773 | 0 |
_02751 _93202 _dBuenos Aires : AbeledoPerrot, 2013- _tRevista de derecho laboral y seguridad social. Nº 10 - Mayo 2023 |
|
| 942 |
_2udc _cANA |
||